000 00644nam a22001937a 4500
005 20251108170958.0
008 250721s1988 xx 000 0 ara d
082 1 4 _a551.4/خير
100 1 _aخيرستابن، هيرمان
245 1 0 _aنظام المسح الجيولورفولوجي لمسوحات الفضاء و علوم الأرض /
264 1 _aعمان :
_bدار مجدلاوي،
_c1988.
300 _a35ص.
650 1 7 _aالجغرافيا الطبيعية
650 1 7 _aالمسح
700 1 _aزويرام، روي خان
700 1 _aفرحان، يحيى عيسى
_eترجمة
942 _2ddc
_cBK
999 _c53532
_d53532